Контекст в определении варианта значения многозначного слова; Коммуникативные аспекты языка и культуры; Ч. 3

Bibliografiset tiedot
Parent link:Коммуникативные аспекты языка и культуры: сборник материалов XII Международной научно-практической конференции студентов и молодых ученых, г. Томск, 16-18 мая 2012 г./ Национальный исследовательский Томский политехнический университет (ТПУ), Институт международного образования и языковой коммуникации (ИМОЯК) ; под ред. С. А. Песоцкой.— , 2012
Ч. 3.— 2012.— [С. 160-165]
Päätekijä: Бузмакова Д. А.
Muut tekijät: Денисенко Т. М. Татьяна Михайловна (научный руководитель)
Yhteenveto:Заглавие с титульного экрана
Kieli:venäjä
Julkaistu: 2012
Sarja:Истрия развития языка от древности к современности
Aiheet:
Linkit:http://www.lib.tpu.ru/fulltext/c/2012/C77/V3/049.pdf
Aineistotyyppi: Elektroninen Kirjan osa
KOHA link:https://koha.lib.tpu.ru/cgi-bin/koha/opac-detail.pl?biblionumber=608842

MARC

LEADER 00000naa2a2200000 4500
001 608842
005 20231101132528.0
035 |a (RuTPU)RU\TPU\conf\6278 
035 |a RU\TPU\conf\6273 
090 |a 608842 
100 |a 20141016d2012 k y0rusy50 ca 
101 0 |a rus 
102 |a RU 
105 |a y z 101zy 
135 |a drcn ---uucaa 
181 0 |a i  
182 0 |a b 
200 1 |a Контекст в определении варианта значения многозначного слова  |f Д. А. Бузмакова  |g науч. рук. Т. М. Денисенко 
203 |a Текст  |c электронный 
225 1 |a Истрия развития языка от древности к современности 
230 |a 1 компьютерный файл (pdf; 118 Кb) 
300 |a Заглавие с титульного экрана 
320 |a [Библиогр.: с. 165 (4 назв.)] 
337 |a Adobe Reader 
461 1 |0 (RuTPU)RU\TPU\conf\4597  |t Коммуникативные аспекты языка и культуры  |o сборник материалов XII Международной научно-практической конференции студентов и молодых ученых, г. Томск, 16-18 мая 2012 г.  |o в 3 ч.  |f Национальный исследовательский Томский политехнический университет (ТПУ), Институт международного образования и языковой коммуникации (ИМОЯК) ; под ред. С. А. Песоцкой  |d 2012 
463 0 |0 (RuTPU)RU\TPU\conf\4606  |t Ч. 3  |v [С. 160-165]  |d 2012 
610 1 |a труды учёных ТПУ 
610 1 |a электронный ресурс 
610 1 |a контексты 
610 1 |a английский язык 
610 1 |a многозначность 
610 1 |a лексика 
610 1 |a грамматика 
700 1 |a Бузмакова  |b Д. А. 
702 1 |a Денисенко  |b Т. М.  |g Татьяна Михайловна  |4 727 
801 2 |a RU  |b 63413507  |c 20141016  |g RCR 
856 4 |u http://www.lib.tpu.ru/fulltext/c/2012/C77/V3/049.pdf 
942 |c BK